[Event "English Open Championship 2024"]
[Site "Holiday Inn, 212 Abbey End, Kenilworth CV8 1ED, United Kingdom"]
[Date "2024.06.21"]
[Round "3.14"]
[White "Badacsonyi, Frankie"]
[Black "Zhu, Pengxiao"]
[Result "1-0"]
[TimeControl "G90 + 30secs/move"]
[WhiteFideId "460400"]
[BlackFideId "499307"]
[WhiteElo "2204"]
[BlackElo "2033"]

1. d4 {[%clk 01:30:57]} {[%emt 00:00:03]} d5 {[%clk 01:30:51]} {[%emt
00:00:09]} 2. c4 {[%clk 01:31:13]} {[%emt 00:00:14]} c6 {[%clk 01:31:08]}
{[%emt 00:00:14]} 3. Nf3 {[%clk 01:30:28]} {[%emt 00:01:15]} Nf6 {[%clk
01:31:19]} {[%emt 00:00:18]} 4. Qb3 {[%clk 01:28:09]} {[%emt 00:02:50]} e6
{[%clk 01:21:48]} {[%emt 00:10:01]} 5. g3 {[%clk 01:26:40]} {[%emt 00:01:58]}
Nbd7 {[%clk 01:21:10]} {[%emt 00:01:08]} 6. Bg2 {[%clk 01:26:14]} {[%emt
00:00:56]} Be7 {[%clk 01:20:38]} {[%emt 00:01:02]} 7. O-O {[%clk 01:25:17]}
{[%emt 00:01:25]} O-O {[%clk 01:20:48]} {[%emt 00:00:21]} 8. Nc3 {[%clk
01:18:48]} {[%emt 00:07:00]} a5 {[%clk 01:18:23]} {[%emt 00:02:56]} 9. Nd2
{[%clk 01:10:53]} {[%emt 00:08:24]} Re8 {[%clk 01:11:03]} {[%emt 00:07:51]} 10.
Rd1 {[%clk 01:09:44]} {[%emt 00:01:38]} Rb8 {[%clk 00:57:55]} {[%emt 00:13:39]}
11. e4 {[%clk 01:07:39]} {[%emt 00:02:34]} dxe4 {[%clk 00:54:20]} {[%emt
00:04:04]} 12. Ndxe4 {[%clk 01:07:40]} {[%emt 00:00:30]} Nxe4 {[%clk 00:52:16]}
{[%emt 00:02:35]} 13. Nxe4 {[%clk 01:07:48]} {[%emt 00:00:21]} b5 {[%clk
00:50:45]} {[%emt 00:02:00]} 14. Bf4 {[%clk 01:06:05]} {[%emt 00:02:14]} bxc4
{[%clk 00:50:19]} {[%emt 00:00:57]} 15. Qxc4 {[%clk 01:04:57]} {[%emt
00:01:37]} Rxb2 {[%clk 00:47:25]} {[%emt 00:03:23]} 16. Nc5 {[%clk 00:57:00]}
{[%emt 00:08:28]} Bxc5 {[%clk 00:41:55]} {[%emt 00:06:00]} 17. dxc5 {[%clk
00:57:24]} {[%emt 00:00:06]} e5 {[%clk 00:38:12]} {[%emt 00:04:13]} 18. Be3
{[%clk 00:56:55]} {[%emt 00:01:00]} Qc7 {[%clk 00:38:13]} {[%emt 00:00:28]} 19.
Rd6 {[%clk 00:56:30]} {[%emt 00:00:59]} Nb8 {[%clk 00:37:53]} {[%emt 00:00:47]}
20. Qc3 {[%clk 00:54:21]} {[%emt 00:02:38]} Rb5 {[%clk 00:35:51]} {[%emt
00:02:32]} 21. Rad1 {[%clk 00:54:35]} {[%emt 00:00:16]} f6 {[%clk 00:28:22]}
{[%emt 00:07:59]} 22. Bxc6 {[%clk 00:54:04]} {[%emt 00:01:02]} Nxc6 {[%clk
00:26:45]} {[%emt 00:02:06]} 23. Qc4+ {[%clk 00:54:30]} {[%emt 00:00:04]} Qf7
{[%clk 00:27:07]} {[%emt 00:00:08]} 24. Qxb5 {[%clk 00:54:45]} {[%emt
00:00:15]} Nd4 {[%clk 00:26:02]} {[%emt 00:01:36]} 25. Bxd4 {[%clk 00:54:42]}
{[%emt 00:00:32]} exd4 {[%clk 00:26:26]} {[%emt 00:00:08]} 26. R6xd4 {[%clk
00:54:51]} {[%emt 00:00:19]} Qe7 {[%clk 00:26:41]} {[%emt 00:00:15]} 27. Qxe8+
{[%clk 00:55:11]} {[%emt 00:00:11]} Qxe8 {[%clk 00:25:54]} {[%emt 00:01:18]} 28.
Rd8 {[%clk 00:55:35]} {[%emt 00:00:04]} 1-0

[Event "English Open Championship 2024"]
[Site "Holiday Inn, 212 Abbey End, Kenilworth CV8 1ED, United Kingdom"]
[Date "2024.06.21"]
[Round "3.15"]
[White "Hobson, Kenneth"]
[Black "Fellowes, Billy"]
[Result "1/2-1/2"]
[TimeControl "G90 + 30secs/move"]
[WhiteFideId "480819"]
[BlackFideId "483540"]
[WhiteElo "2227"]
[BlackElo "2019"]

1. e4 {[%clk 01:30:59]} {[%emt 01:30:03]} Nc6 {[%clk 01:30:40]} {[%emt
00:00:20]} 2. Nf3 {[%clk 01:30:53]} {[%emt 00:00:37]} d6 {[%clk 01:31:03]}
{[%emt 00:00:07]} 3. d4 {[%clk 01:30:53]} {[%emt 00:00:30]} Nf6 {[%clk
01:31:29]} {[%emt 00:00:04]} 4. Nc3 {[%clk 01:30:48]} {[%emt 00:00:34]} g6
{[%clk 01:30:21]} {[%emt 00:01:39]} 5. Be3 {[%clk 01:30:11]} {[%emt 00:01:07]}
Bg7 {[%clk 01:30:41]} {[%emt 00:00:10]} 6. Qd2 {[%clk 01:30:11]} {[%emt
00:00:30]} O-O {[%clk 01:22:43]} {[%emt 00:08:28]} 7. d5 {[%clk 01:29:44]}
{[%emt 00:00:56]} Nb8 {[%clk 01:23:03]} {[%emt 00:00:11]} 8. Bh6 {[%clk
01:28:22]} {[%emt 00:01:51]} c6 {[%clk 01:23:31]} {[%emt 00:00:04]} 9. O-O-O
{[%clk 01:26:59]} {[%emt 00:01:51]} Qa5 {[%clk 01:19:59]} {[%emt 00:04:01]} 10.
Bxg7 {[%clk 01:20:29]} {[%emt 00:07:02]} Kxg7 {[%clk 01:19:18]} {[%emt
00:01:11]} 11. Kb1 {[%clk 01:02:17]} {[%emt 00:18:42]} Nbd7 {[%clk 01:16:35]}
{[%emt 00:03:13]} 12. h4 {[%clk 00:57:58]} {[%emt 00:04:49]} h5 {[%clk
01:15:13]} {[%emt 00:01:50]} 13. Ng5 {[%clk 00:50:36]} {[%emt 00:07:54]} Ne5
{[%clk 01:08:43]} {[%emt 00:07:00]} 14. Be2 {[%clk 00:48:04]} {[%emt 00:03:02]}
Qc5 {[%clk 01:05:18]} {[%emt 00:03:55]} 15. f3 {[%clk 00:36:50]} {[%emt
00:11:44]} cxd5 {[%clk 00:54:30]} {[%emt 00:11:18]} 16. exd5 {[%clk 00:36:35]}
{[%emt 00:00:44]} Nc4 {[%clk 00:52:12]} {[%emt 00:02:48]} 17. Bxc4 {[%clk
00:35:46]} {[%emt 00:01:20]} Qxc4 {[%clk 00:52:28]} {[%emt 00:00:14]} 18. Rhe1
{[%clk 00:32:55]} {[%emt 00:03:20]} Re8 {[%clk 00:49:23]} {[%emt 00:03:35]} 19.
Nce4 {[%clk 00:30:26]} {[%emt 00:02:58]} Bf5 {[%clk 00:49:38]} {[%emt
00:00:14]} 20. b3 {[%clk 00:29:26]} {[%emt 00:01:32]} Qc7 {[%clk 00:46:38]}
{[%emt 00:03:29]} 21. Qd4 {[%clk 00:28:38]} {[%emt 00:01:18]} Rac8 {[%clk
00:43:25]} {[%emt 00:03:44]} 22. Rd2 {[%clk 00:28:19]} {[%emt 00:00:49]} Qb6
{[%clk 00:33:15]} {[%emt 00:10:39]} 23. Qb2 {[%clk 00:26:05]} {[%emt 00:02:43]}
Qa5 {[%clk 00:28:53]} {[%emt 00:04:52]} 24. Rde2 {[%clk 00:24:09]} {[%emt
00:02:26]} Red8 {[%clk 00:26:10]} {[%emt 00:03:13]} 25. Ka1 {[%clk 00:20:45]}
{[%emt 00:03:55]} Qxd5 {[%clk 00:21:26]} {[%emt 00:05:15]} 26. Nxf6 {[%clk
00:20:30]} {[%emt 00:00:45]} exf6 {[%clk 00:21:36]} {[%emt 00:00:19]} 27. c4
{[%clk 00:19:30]} {[%emt 00:01:29]} Qc5 {[%clk 00:19:48]} {[%emt 00:02:18]} 28.
Nxf7 {[%clk 00:17:35]} {[%emt 00:02:26]} Re8 {[%clk 00:19:13]} {[%emt
00:01:05]} 29. Nh6 {[%clk 00:11:33]} {[%emt 00:06:32]} d5 {[%clk 00:09:56]}
{[%emt 00:09:47]} 30. Nxf5+ {[%clk 00:10:18]} {[%emt 00:01:45]} gxf5 {[%clk
00:10:20]} {[%emt 00:00:06]} 31. Rxe8 {[%clk 00:06:07]} {[%emt 00:04:40]} Rxe8
{[%clk 00:10:45]} {[%emt 00:00:06]} 32. Rxe8 {[%clk 00:02:53]} {[%emt
00:03:44]} Qg1+ {[%clk 00:11:09]} {[%emt 00:00:06]} 1/2-1/2

[Event "English Open Championship 2024"]
[Site "Holiday Inn, 212 Abbey End, Kenilworth CV8 1ED, United Kingdom"]
[Date "2024.06.21"]
[Round "3.16"]
[White "Mason, Donald J"]
[Black "Okhai, Shabir"]
[Result "0-1"]
[TimeControl "G90 + 30secs/move"]
[WhiteFideId "405116"]
[BlackFideId "445134"]
[WhiteElo "2014"]
[BlackElo "2099"]

1. e4 {[%clk 01:30:56]} {[%emt 00:00:04]} e5 {[%clk 01:30:54]} {[%emt
00:00:07]} 2. Nf3 {[%clk 01:30:46]} {[%emt 00:00:40]} Nc6 {[%clk 01:31:19]}
{[%emt 00:00:05]} 3. Bc4 {[%clk 01:30:27]} {[%emt 00:00:48]} Bc5 {[%clk
01:31:44]} {[%emt 00:00:06]} 4. O-O {[%clk 01:29:35]} {[%emt 00:01:21]} Nf6
{[%clk 01:32:10]} {[%emt 00:00:04]} 5. d3 {[%clk 01:29:55]} {[%emt 00:00:10]}
d6 {[%clk 01:32:33]} {[%emt 00:00:08]} 6. c3 {[%clk 01:29:38]} {[%emt
00:00:46]} a6 {[%clk 01:32:51]} {[%emt 00:00:13]} 7. Bb3 {[%clk 01:29:17]}
{[%emt 00:00:50]} Ba7 {[%clk 01:32:48]} {[%emt 00:00:34]} 8. Nbd2 {[%clk
01:28:48]} {[%emt 00:00:58]} h6 {[%clk 01:33:03]} {[%emt 00:00:15]} 9. Re1
{[%clk 01:27:46]} {[%emt 00:01:32]} O-O {[%clk 01:33:28]} {[%emt 00:00:06]} 10.
h3 {[%clk 01:27:30]} {[%emt 00:00:45]} Ne7 {[%clk 01:32:31]} {[%emt 00:01:27]}
11. Nf1 {[%clk 01:26:41]} {[%emt 00:01:19]} Ng6 {[%clk 01:32:56]} {[%emt
00:00:05]} 12. Ng3 {[%clk 01:21:39]} {[%emt 00:05:33]} Re8 {[%clk 01:32:26]}
{[%emt 00:00:59]} 13. d4 {[%clk 01:18:22]} {[%emt 00:03:46]} c6 {[%clk
01:31:06]} {[%emt 00:01:51]} 14. a4 {[%clk 01:00:05]} {[%emt 00:18:47]} Qc7
{[%clk 01:31:18]} {[%emt 00:00:19]} 15. Bc2 {[%clk 00:58:18]} {[%emt 00:02:17]}
Bd7 {[%clk 01:19:07]} {[%emt 00:12:41]} 16. Be3 {[%clk 00:50:23]} {[%emt
00:08:25]} b5 {[%clk 01:10:30]} {[%emt 00:09:06]} 17. Nh2 {[%clk 00:37:24]}
{[%emt 00:13:29]} c5 {[%clk 01:05:10]} {[%emt 00:05:51]} 18. d5 {[%clk
00:35:58]} {[%emt 00:01:55]} c4 {[%clk 01:04:55]} {[%emt 00:00:46]} 19. Nh5
{[%clk 00:33:28]} {[%emt 00:02:59]} Nxh5 {[%clk 01:02:08]} {[%emt 00:03:18]} 20.
Qxh5 {[%clk 00:33:52]} {[%emt 00:00:05]} Bxe3 {[%clk 01:01:32]} {[%emt
00:01:07]} 21. fxe3 {[%clk 00:32:12]} {[%emt 00:02:10]} Reb8 {[%clk 00:57:05]}
{[%emt 00:04:58]} 22. g4 {[%clk 00:24:02]} {[%emt 00:08:39]} Be8 {[%clk
00:51:57]} {[%emt 00:05:39]} 23. g5 {[%clk 00:22:51]} {[%emt 00:01:41]} hxg5
{[%clk 00:51:24]} {[%emt 00:01:03]} 24. Qxg5 {[%clk 00:22:54]} {[%emt
00:00:27]} Qe7 {[%clk 00:51:09]} {[%emt 00:00:45]} 25. Nf3 {[%clk 00:21:05]}
{[%emt 00:02:19]} Qxg5+ {[%clk 00:48:43]} {[%emt 00:02:56]} 26. Nxg5 {[%clk
00:21:32]} {[%emt 00:00:02]} Nf8 {[%clk 00:48:23]} {[%emt 00:00:49]} 27. axb5
{[%clk 00:16:37]} {[%emt 00:05:26]} axb5 {[%clk 00:48:42]} {[%emt 00:00:11]} 28.
Nf3 {[%clk 00:12:56]} {[%emt 00:04:11]} Nd7 {[%clk 00:47:36]} {[%emt 00:01:36]}
29. Nd2 {[%clk 00:12:56]} {[%emt 00:00:29]} Nc5 {[%clk 00:47:49]} {[%emt
00:00:18]} 30. Kf2 {[%clk 00:12:57]} {[%emt 00:00:28]} f6 {[%clk 00:44:00]}
{[%emt 00:04:20]} 31. h4 {[%clk 00:12:42]} {[%emt 00:00:46]} Bh5 {[%clk
00:41:58]} {[%emt 00:02:30]} 32. Rg1 {[%clk 00:12:05]} {[%emt 00:01:08]} Kf7
{[%clk 00:39:53]} {[%emt 00:02:35]} 33. Rgb1 {[%clk 00:12:33]} {[%emt
00:00:02]} Bg6 {[%clk 00:38:00]} {[%emt 00:02:23]} 34. Rg1 {[%clk 00:11:50]}
{[%emt 00:01:13]} Rh8 {[%clk 00:37:10]} {[%emt 00:01:19]} 35. Kg3 {[%clk
00:11:44]} {[%emt 00:00:36]} Bh5 {[%clk 00:36:50]} {[%emt 00:00:51]} 36. Kf2
{[%clk 00:11:16]} {[%emt 00:00:58]} Rhb8 {[%clk 00:34:30]} {[%emt 00:02:50]} 37.
Rgb1 {[%clk 00:11:19]} {[%emt 00:00:26]} Kg8 {[%clk 00:34:24]} {[%emt
00:00:37]} 38. Rg1 {[%clk 00:10:38]} {[%emt 00:01:11]} Kh7 {[%clk 00:34:30]}
{[%emt 00:00:24]} 39. Rgb1 {[%clk 00:11:02]} {[%emt 00:00:06]} Kh6 {[%clk
00:34:46]} {[%emt 00:00:14]} 40. Rg1 {[%clk 00:10:45]} {[%emt 00:00:47]} Be8
{[%clk 00:30:38]} {[%emt 00:04:38]} 41. Rgb1 {[%clk 00:10:35]} {[%emt
00:00:41]} Kh5 {[%clk 00:30:02]} {[%emt 00:01:05]} 42. Kg3 {[%clk 00:07:59]}
{[%emt 00:03:06]} Bd7 {[%clk 00:29:42]} {[%emt 00:00:50]} 43. Rg1 {[%clk
00:07:18]} {[%emt 00:01:11]} Bg4 {[%clk 00:27:15]} {[%emt 00:02:57]} 44. Kf2
{[%clk 00:07:10]} {[%emt 00:00:38]} g6 {[%clk 00:22:38]} {[%emt 00:05:07]} 45.
Rab1 {[%clk 00:04:41]} {[%emt 00:02:59]} Bc8 {[%clk 00:20:13]} {[%emt
00:02:55]} 46. Ra1 {[%clk 00:04:51]} {[%emt 00:00:20]} Bb7 {[%clk 00:19:05]}
{[%emt 00:01:38]} 47. Bd1+ {[%clk 00:04:00]} {[%emt 00:01:21]} Kh6 {[%clk
00:19:27]} {[%emt 00:00:07]} 48. Bc2 {[%clk 00:04:28]} {[%emt 00:00:04]} Rf8
{[%clk 00:19:25]} {[%emt 00:00:31]} 49. Ke2 {[%clk 00:02:24]} {[%emt 00:02:34]}
Kh5 {[%clk 00:18:23]} {[%emt 00:01:32]} 50. Rgf1 {[%clk 00:01:30]} {[%emt
00:01:24]} Rxa1 {[%clk 00:16:29]} {[%emt 00:02:24]} 51. Rxa1 {[%clk 00:01:59]}
{[%emt 00:00:01]} Ra8 {[%clk 00:16:43]} {[%emt 00:00:16]} 52. Rxa8 {[%clk
00:00:55]} {[%emt 00:01:35]} Bxa8 {[%clk 00:17:12]} {[%emt 00:00:01]} 53. Nb1
{[%clk 00:00:51]} {[%emt 00:00:34]} Bb7 {[%clk 00:17:26]} {[%emt 00:00:15]} 54.
Na3 {[%clk 00:00:37]} {[%emt 00:00:45]} Ba6 {[%clk 00:17:55]} {[%emt 00:00:02]}
55. Kf3 {[%clk 00:00:41]} {[%emt 00:00:25]} Kxh4 {[%clk 00:18:19]} {[%emt
00:00:06]} 0-1

[Event "English Open Championship 2024"]
[Site "Holiday Inn, 212 Abbey End, Kenilworth CV8 1ED, United Kingdom"]
[Date "2024.06.21"]
[Round "3.17"]
[White "Graham, David B"]
[Black "Lishoy Gengis Paratazham, Dildarav"]
[Result "1/2-1/2"]
[TimeControl "G90 + 30secs/move"]
[WhiteFideId "408131"]
[BlackFideId "491462"]
[WhiteElo "2149"]
[BlackElo "1969"]

1. e4 {[%clk 01:30:58]} {[%emt 00:00:02]} d6 {[%clk 01:30:56]} {[%emt
00:00:05]} 2. d4 {[%clk 01:31:20]} {[%emt 00:00:07]} Nf6 {[%clk 01:31:21]}
{[%emt 00:00:05]} 3. Nc3 {[%clk 01:31:43]} {[%emt 00:00:07]} e5 {[%clk
01:31:47]} {[%emt 00:00:05]} 4. Nge2 {[%clk 01:29:57]} {[%emt 00:02:15]} Nbd7
{[%clk 01:31:57]} {[%emt 00:00:20]} 5. g3 {[%clk 01:30:00]} {[%emt 00:00:27]}
g6 {[%clk 01:25:15]} {[%emt 00:07:13]} 6. Bg2 {[%clk 01:30:11]} {[%emt
00:00:18]} Bg7 {[%clk 01:25:38]} {[%emt 00:00:08]} 7. O-O {[%clk 01:29:57]}
{[%emt 00:00:43]} O-O {[%clk 01:26:02]} {[%emt 00:00:06]} 8. h3 {[%clk
01:26:25]} {[%emt 00:04:03]} a6 {[%clk 01:17:19]} {[%emt 00:09:13]} 9. a4
{[%clk 01:24:37]} {[%emt 00:02:17]} Re8 {[%clk 01:12:18]} {[%emt 00:05:32]} 10.
d5 {[%clk 01:23:27]} {[%emt 00:01:40]} a5 {[%clk 01:07:55]} {[%emt 00:04:54]}
11. Be3 {[%clk 01:22:27]} {[%emt 00:01:29]} b6 {[%clk 01:08:02]} {[%emt
00:00:23]} 12. Nb5 {[%clk 01:17:47]} {[%emt 00:05:10]} Ba6 {[%clk 01:07:05]}
{[%emt 00:01:27]} 13. Nec3 {[%clk 01:18:00]} {[%emt 00:00:17]} Rf8 {[%clk
01:03:55]} {[%emt 00:03:39]} 14. Kh2 {[%clk 01:07:48]} {[%emt 00:10:42]} Bxb5
{[%clk 01:02:05]} {[%emt 00:02:21]} 15. Nxb5 {[%clk 01:07:46]} {[%emt
00:00:32]} Kh8 {[%clk 00:59:48]} {[%emt 00:02:46]} 16. Ra3 {[%clk 01:08:03]}
{[%emt 00:00:14]} Nc5 {[%clk 00:59:01]} {[%emt 00:01:17]} 17. Bxc5 {[%clk
01:08:19]} {[%emt 00:00:14]} bxc5 {[%clk 00:59:26]} {[%emt 00:00:05]} 18. Rb3
{[%clk 01:05:58]} {[%emt 00:02:51]} Qd7 {[%clk 00:57:33]} {[%emt 00:02:23]} 19.
Nc3 {[%clk 00:59:07]} {[%emt 00:07:21]} Ng8 {[%clk 00:56:48]} {[%emt 00:01:15]}
20. h4 {[%clk 00:55:39]} {[%emt 00:03:58]} Nh6 {[%clk 00:50:36]} {[%emt
00:06:42]} 21. Bh3 {[%clk 00:55:34]} {[%emt 00:00:36]} Qe7 {[%clk 00:46:03]}
{[%emt 00:05:02]} 22. Rb7 {[%clk 00:53:01]} {[%emt 00:03:02]} Rfb8 {[%clk
00:45:54]} {[%emt 00:00:40]} 23. Rxb8+ {[%clk 00:53:07]} {[%emt 00:00:24]} Rxb8
{[%clk 00:44:45]} {[%emt 00:01:39]} 24. Nb5 {[%clk 00:53:33]} {[%emt 00:00:04]}
Ra8 {[%clk 00:44:14]} {[%emt 00:01:02]} 25. Qd2 {[%clk 00:50:41]} {[%emt
00:03:22]} f5 {[%clk 00:43:21]} {[%emt 00:01:22]} 26. f3 {[%clk 00:43:50]}
{[%emt 00:07:21]} f4 {[%clk 00:39:30]} {[%emt 00:04:22]} 27. g4 {[%clk
00:33:50]} {[%emt 00:10:29]} Qxh4 {[%clk 00:38:28]} {[%emt 00:01:32]} 28. Qf2
{[%clk 00:33:17]} {[%emt 00:01:03]} Qe7 {[%clk 00:38:47]} {[%emt 00:00:12]} 29.
Rh1 {[%clk 00:32:08]} {[%emt 00:01:38]} Bf6 {[%clk 00:36:31]} {[%emt 00:02:46]}
30. Bf1 {[%clk 00:31:18]} {[%emt 00:01:20]} Bh4 {[%clk 00:36:05]} {[%emt
00:00:56]} 31. Qd2 {[%clk 00:31:12]} {[%emt 00:00:36]} g5 {[%clk 00:34:48]}
{[%emt 00:01:47]} 32. Na3 {[%clk 00:30:12]} {[%emt 00:01:31]} Ng8 {[%clk
00:33:28]} {[%emt 00:01:49]} 33. Nc4 {[%clk 00:28:43]} {[%emt 00:01:59]} Nf6
{[%clk 00:32:17]} {[%emt 00:01:40]} 34. Bh3 {[%clk 00:26:04]} {[%emt 00:03:09]}
Qd7 {[%clk 00:29:25]} {[%emt 00:03:22]} 35. b3 {[%clk 00:26:24]} {[%emt
00:00:11]} h5 {[%clk 00:22:53]} {[%emt 00:07:01]} 36. Qg2 {[%clk 00:22:50]}
{[%emt 00:04:05]} hxg4 {[%clk 00:22:37]} {[%emt 00:00:47]} 37. Bxg4 {[%clk
00:23:03]} {[%emt 00:00:16]} Nxg4+ {[%clk 00:22:56]} {[%emt 00:00:10]} 38. fxg4
{[%clk 00:21:53]} {[%emt 00:01:41]} Kg7 {[%clk 00:20:12]} {[%emt 00:03:13]} 39.
Qf3 {[%clk 00:20:25]} {[%emt 00:01:58]} Kg6 {[%clk 00:18:02]} {[%emt 00:02:40]}
40. Kg1 {[%clk 00:19:47]} {[%emt 00:01:09]} Kg7 {[%clk 00:18:19]} {[%emt
00:00:12]} 41. Kf1 {[%clk 00:19:47]} {[%emt 00:00:30]} Kg6 {[%clk 00:18:10]}
{[%emt 00:00:40]} 42. Kg1 {[%clk 00:19:53]} {[%emt 00:00:23]} 1/2-1/2

[Event "English Open Championship 2024"]
[Site "Holiday Inn, 212 Abbey End, Kenilworth CV8 1ED, United Kingdom"]
[Date "2024.06.21"]
[Round "3.18"]
[White "Seymour, Timothy P"]
[Black "Yu, Rock"]
[Result "1-0"]
[TimeControl "G90 + 30secs/move"]
[WhiteFideId "412112"]
[BlackFideId "489000"]
[WhiteElo "2113"]
[BlackElo "1939"]

1. Nf3 {[%clk 01:30:57]} {[%emt 00:00:02]} Nf6 {[%clk 01:30:42]} {[%emt
00:00:19]} 2. e3 {[%clk 01:29:34]} {[%emt 00:01:53]} e6 {[%clk 01:30:59]}
{[%emt 00:00:14]} 3. c4 {[%clk 01:28:27]} {[%emt 00:01:36]} c5 {[%clk
01:31:02]} {[%emt 00:00:27]} 4. Nc3 {[%clk 01:28:12]} {[%emt 00:00:45]} Nc6
{[%emt 00:02:28]} 5. d4 {[%clk 01:26:20]} cxd4 {[%clk 01:31:06]} {[%emt
00:00:50]} 6. exd4 {[%clk 01:26:40]} {[%emt 00:00:09]} d5 {[%clk 01:31:05]}
{[%emt 00:00:31]} 7. c5 {[%clk 01:16:10]} {[%emt 00:11:01]} Be7 {[%clk
01:19:46]} {[%emt 00:11:50]} 8. Bb5 {[%clk 01:09:52]} {[%emt 00:06:46]} Qc7
{[%clk 01:15:50]} {[%emt 00:04:27]} 9. O-O {[%clk 01:05:59]} {[%emt 00:04:23]}
Bd7 {[%clk 01:08:49]} {[%emt 00:07:31]} 10. Re1 {[%clk 00:56:55]} {[%emt
00:09:34]} O-O {[%clk 01:04:07]} {[%emt 00:05:11]} 11. a3 {[%clk 00:54:19]}
{[%emt 00:03:07]} a5 {[%clk 00:58:27]} {[%emt 00:06:11]} 12. Rb1 {[%clk
00:52:43]} {[%emt 00:02:05]} b6 {[%clk 00:56:31]} {[%emt 00:02:27]} 13. b4
{[%clk 00:46:35]} {[%emt 00:06:36]} axb4 {[%clk 00:56:04]} {[%emt 00:00:57]} 14.
axb4 {[%clk 00:46:24]} {[%emt 00:00:42]} bxc5 {[%clk 00:54:51]} {[%emt
00:01:43]} 15. bxc5 {[%clk 00:38:20]} {[%emt 00:08:35]} Rfb8 {[%clk 00:53:51]}
{[%emt 00:01:29]} 16. g3 {[%clk 00:30:59]} {[%emt 00:07:49]} Rb7 {[%clk
00:42:56]} {[%emt 00:11:27]} 17. Bf4 {[%clk 00:30:07]} {[%emt 00:01:22]} Qc8
{[%clk 00:41:16]} {[%emt 00:02:10]} 18. Na4 {[%clk 00:22:01]} {[%emt 00:08:35]}
Bd8 {[%clk 00:39:54]} {[%emt 00:01:50]} 19. Qd3 {[%clk 00:21:41]} {[%emt
00:00:53]} Ra5 {[%clk 00:32:58]} {[%emt 00:07:26]} 20. Nc3 {[%clk 00:19:28]}
{[%emt 00:02:42]} Ra3 {[%clk 00:31:49]} {[%emt 00:01:39]} 21. Bc1 {[%clk
00:15:20]} {[%emt 00:04:37]} Rxc3 {[%clk 00:23:09]} {[%emt 00:09:12]} 22. Qxc3
{[%clk 00:15:49]} Ba5 {[%clk 00:23:31]} {[%emt 00:00:10]} 23. Qa3 {[%clk
00:08:27]} {[%emt 00:07:51]} Qb8 {[%clk 00:12:20]} {[%emt 00:11:40]} 24. Bf4
{[%clk 00:03:48]} {[%emt 00:05:09]} e5 {[%clk 00:11:26]} {[%emt 00:01:24]} 25.
Nxe5 {[%clk 00:04:16]} {[%emt 00:00:02]} Rxb5 {[%clk 00:07:31]} {[%emt
00:04:24]} 26. Nxc6 {[%clk 00:04:05]} {[%emt 00:00:41]} Rxb1 {[%clk 00:07:07]}
{[%emt 00:00:54]} 27. Nxb8 {[%clk 00:02:13]} {[%emt 00:02:23]} Bxe1 {[%clk
00:06:42]} {[%emt 00:00:55]} 28. Qa2 {[%clk 00:01:54]} {[%emt 00:00:47]} Bf5
{[%clk 00:06:29]} {[%emt 00:00:45]} 29. Kg2 {[%clk 00:01:40]} {[%emt 00:00:43]}
g5 {[%clk 00:05:20]} {[%emt 00:01:39]} 30. Be5 {[%clk 00:01:08]} {[%emt
00:01:02]} g4 {[%clk 00:04:54]} {[%emt 00:00:56]} 31. Qxb1 {[%clk 00:01:31]}
{[%emt 00:00:08]} Bxb1 {[%clk 00:04:46]} {[%emt 00:00:38]} 32. Bxf6 {[%clk
00:02:00]} {[%emt 00:00:01]} Kf8 {[%clk 00:04:35]} {[%emt 00:00:39]} 33. Nd7+
{[%clk 00:02:18]} {[%emt 00:00:12]} Ke8 {[%clk 00:04:48]} {[%emt 00:00:17]} 34.
c6 {[%clk 00:02:03]} {[%emt 00:00:45]} Bf5 {[%clk 00:04:40]} {[%emt 00:00:39]}
35. Ne5 {[%clk 00:01:36]} {[%emt 00:00:58]} Bc3 {[%clk 00:03:50]} {[%emt
00:01:20]} 36. Kf1 {[%clk 00:00:56]} {[%emt 00:01:08]} Bxd4 {[%clk 00:02:32]}
{[%emt 00:01:49]} 37. Nxg4 {[%clk 00:01:22]} {[%emt 00:00:05]} Bxg4 {[%clk
00:02:16]} {[%emt 00:00:45]} 38. Bxd4 {[%clk 00:01:51]} {[%emt 00:00:02]} Bd1
{[%clk 00:02:13]} {[%emt 00:00:32]} 39. Ke1 {[%clk 00:01:57]} {[%emt 00:00:24]}
Ba4 {[%clk 00:02:42]} {[%emt 00:00:02]} 40. c7 {[%clk 00:02:21]} {[%emt
00:00:06]} Kd7 {[%clk 00:02:38]} {[%emt 00:00:34]} 41. Be5 {[%clk 00:02:49]}
{[%emt 00:00:02]} Bc2 {[%clk 00:01:41]} {[%emt 00:01:27]} 42. Kd2 {[%clk
00:03:16]} {[%emt 00:00:03]} Bf5 {[%clk 00:01:40]} {[%emt 00:00:31]} 43. Ke3
{[%clk 00:03:16]} {[%emt 00:00:30]} Ke7 {[%clk 00:01:02]} {[%emt 00:01:08]} 44.
Kf4 {[%clk 00:03:21]} {[%emt 00:00:23]} Be6 {[%clk 00:01:19]} {[%emt 00:00:14]}
45. Kg5 {[%clk 00:03:28]} {[%emt 00:00:23]} Kd7 {[%clk 00:01:13]} {[%emt
00:00:37]} 46. Kh6 {[%clk 00:02:28]} {[%emt 00:01:29]} Bf5 {[%clk 00:01:36]}
{[%emt 00:00:08]} 47. Kg5 {[%clk 00:01:15]} {[%emt 00:01:43]} Bg6 {[%clk
00:01:00]} {[%emt 00:01:06]} 48. g4 {[%clk 00:01:21]} {[%emt 00:00:24]} d4
{[%clk 00:01:02]} {[%emt 00:00:28]} 49. Kf4 {[%clk 00:01:15]} {[%emt 00:00:35]}
Kc8 {[%clk 00:00:46]} {[%emt 00:00:46]} 50. h4 {[%clk 00:00:49]} {[%emt
00:00:56]} h5 {[%clk 00:00:37]} {[%emt 00:00:40]} 51. gxh5 {[%clk 00:00:40]}
{[%emt 00:00:39]} Bxh5 {[%clk 00:01:03]} {[%emt 00:00:04]} 52. Kg5 {[%clk
00:00:57]} {[%emt 00:00:12]} Bf3 {[%clk 00:00:58]} {[%emt 00:00:36]} 53. h5
{[%clk 00:01:04]} {[%emt 00:00:23]} d3 {[%clk 00:00:37]} {[%emt 00:00:51]} 54.
Bf4 {[%clk 00:02:02]} {[%emt 00:00:02]} d2 {[%clk 00:01:16]} {[%emt 00:00:21]}
55. Bxd2 {[%clk 00:02:30]} {[%emt 00:00:02]} Kxc7 {[%clk 00:01:35]} {[%emt
00:00:04]} 56. h6 {[%clk 00:02:54]} {[%emt 00:00:13]} Be4 {[%clk 00:02:00]}
{[%emt 00:00:05]} 57. Kf6 {[%clk 00:03:19]} {[%emt 00:00:05]} Bg6 {[%clk
00:02:11]} {[%emt 00:00:19]} 58. Kg7 {[%clk 00:03:30]} {[%emt 00:00:18]} Kd6
{[%clk 00:02:20]} {[%emt 00:00:22]} 59. h7 {[%clk 00:03:58]} {[%emt 00:00:01]}
Bxh7 {[%clk 00:02:30]} {[%emt 00:00:20]} 60. Kxh7 {[%clk 00:04:27]} {[%emt
00:00:01]} Ke5 {[%clk 00:02:53]} {[%emt 00:00:08]} 61. Kh6 {[%clk 00:04:31]}
{[%emt 00:00:25]} Kf5 {[%clk 00:02:58]} {[%emt 00:00:26]} 62. Kh5 {[%clk
00:04:39]} {[%emt 00:00:21]} 1-0